FIFA World Cup nations that start with A - Statistics

General Stats
  • This quiz has been taken 67 times
  • The average score is 4 of 5
Answer Stats
Years played Answer % Correct
1930, 1934, 1958, 1962, 1966, 1974, 1978, 1982, 1986, 1990, 1994, 1998, 2002, 2006, 2010, 2014, 2018, and 2022 Argentina
92%
1974, 2006, 2010, 2014, 2018, and 2022 Australia
90%
1982, 1986, 2010 and 2014 Algeria
88%
1934, 1954, 1958, 1978, 1982, 1990, and 1998 Austria
75%
2006 Angola
65%
No matching quizzes found
Score Distribution
Percent of People with Each Score
Percentile by Number Answered
Your Score History
You have not taken this quiz